[Event "N�-LL 2009/10"]
[Site "?"]
[Date "2009.12.13"]
[Round "6"]
[White "Weinzettl, Ernst"]
[Black "Lucaci, Marius"]
[Result "1/2-1/2"]
[WhiteElo "2276"]
[BlackElo "2126"]
[Annotator "P�chlarn - Wr.Neustadt"]
[PlyCount "137"]
[EventDate "2009.??.??"]
[SourceDate "2009.10.04"]

1. e4 e6 2. d4 d5 3. Nc3 Nf6 4. Bg5 dxe4 5. Nxe4 Be7 6. Bxf6 Bxf6 7. Nf3 O-O 8.
Qe2 Be7 9. O-O-O b6 10. h4 Bb7 11. Kb1 Nd7 12. g4 Nf6 13. Nxf6+ Bxf6 14. g5 Be7
15. Rg1 Bxf3 16. Qxf3 Qd5 17. Qe3 Rad8 18. Bh3 c5 $11 19. c3 Rd6 20. h5 Rfd8
21. g6 Qxh5 22. gxf7+ Qxf7 23. Rde1 cxd4 24. cxd4 e5 25. Qxe5 Bf6 26. Qe2 Bxd4
27. Be6 Rxe6 28. Qxe6 Qxe6 29. Rxe6 Bxf2 30. Rg2 Bc5 31. Rc6 Rd7 32. Rc8+ Kf7
33. Rh8 h6 34. Kc2 Kf6 35. Kc3 Rd4 36. Rf2+ Kg5 37. Rg8 Rd7 38. Rg2+ Kf5 39. b4
Bd4+ 40. Kc4 Bf6 41. Rh8 a6 42. Rf2+ Kg4 43. Rg2+ Kf4 44. Rg6 Rd4+ 45. Kc3 Re4+
46. Kb3 Kf5 47. Rg3 Be5 48. Rf8+ Bf6 49. Rxg7 h5 50. Rg3 Rf4 51. Rd3 h4 52. Rd6
Ke5 53. Rxb6 h3 54. Rxa6 h2 55. Re8+ Kf5 56. Re1 Bd4 57. Rh1 Rh4 58. Rd6 Ke4
59. a4 Be5 60. Rdd1 Kf3 61. Rd2 Bg3 62. Rf1+ Ke3 63. Rg2 Bd6 64. b5 h1=Q 65.
Rxh1 Rxh1 66. Rg6 Be5 67. Kc4 Rh4+ 68. Kd5 Bc7 69. b6 1/2-1/2

[Event "N�-LL 2009/10"]
[Site "?"]
[Date "2009.12.13"]
[Round "6"]
[White "Steiner, Adam"]
[Black "Mittermayr, Gerhard"]
[Result "1-0"]
[WhiteElo "2154"]
[BlackElo "2135"]
[Annotator "P�chlarn - Wr.Neustadt"]
[PlyCount "46"]
[EventDate "2009.??.??"]
[SourceDate "2009.10.04"]

1. e4 e6 2. b3 d5 3. Bb2 dxe4 4. Nc3 Nf6 5. Qe2 Be7 6. Nxe4 Nxe4 7. Qxe4 Bf6 8.
d4 Qd5 9. Bd3 Qa5+ 10. c3 Bd7 11. Nf3 Bc6 12. Qe2 Nd7 13. O-O Qh5 14. Be4 Bxe4
$11 15. Qxe4 O-O-O 16. c4 g5 17. a4 g4 18. Ne5 Rhg8 19. a5 Bxe5 20. dxe5 Nc5
21. Qe3 b6 22. axb6 axb6 23. Bd4 Nxb3 1-0

[Event "N�-LL 2009/10"]
[Site "?"]
[Date "2009.12.13"]
[Round "6"]
[White "Posch, Roland"]
[Black "Todor, Razvan"]
[Result "1/2-1/2"]
[WhiteElo "2074"]
[BlackElo "2167"]
[Annotator "P�chlarn - Wr.Neustadt"]
[PlyCount "154"]
[EventDate "2009.??.??"]
[SourceDate "2009.10.04"]

1. e4 d6 2. d4 g6 3. Nf3 Bg7 4. Bd3 a6 5. O-O b5 6. Nbd2 Nd7 7. Re1 e5 8. c3 c5
9. dxe5 dxe5 10. Nf1 Ne7 11. Ng3 c4 12. Bc2 Qc7 13. Be3 Bb7 14. Qe2 Rd8 15.
Rad1 O-O 16. Bg5 Nc5 17. Qe3 f6 18. Bh6 Ne6 19. Bxg7 Kxg7 20. Rxd8 Rxd8 21. Rd1
Qc5 22. Qxc5 Rxd1+ 23. Bxd1 Nxc5 24. Bc2 Nc8 25. Nd2 Kf7 26. a4 Ke6 27. axb5
axb5 28. Kf1 Nb6 29. b4 cxb3 30. Nxb3 Nca4 31. Ke1 Kd6 32. Ne2 Nc4 33. Nd2 Kc5
34. Nxc4 Kxc4 35. Kd2 Bc8 36. Bd3+ Kc5 37. Nc1 Be6 38. Kc2 Bc4 39. Nb3+ Bxb3+
40. Kxb3 Nb6 41. f3 Nc8 42. Be2 Nd6 43. Bd3 Ne8 44. Be2 Ng7 45. Bd3 Ne6 46. Bf1
Nf4 47. g3 Ne6 48. Bh3 Ng5 49. Bg2 Nf7 50. Bf1 Nd6 51. Be2 Nb7 52. Bd3 Na5+ 53.
Kc2 Nc6 54. Kb3 Kb6 55. Bf1 Kc5 56. Bd3 Na5+ 57. Kc2 Kb6 58. Kb2 Nb7 59. Ka3
Ka5 60. Bc2 Nc5 61. Bb1 Kb6 62. Kb4 Kc6 63. Bc2 Kb6 64. Bb1 Na6+ 65. Kb3 Ka5
66. Bc2 Nb8 67. Bd3 Nd7 68. Bc2 Nf8 69. Bd3 Ne6 70. Bc2 h6 71. h4 Nc5+ 72. Ka3
Kb6 73. Kb4 Na6+ 74. Kb3 Kc5 75. Bd3 Nb8 76. Bc2 Nc6 77. Bd3 Na5+ 1/2-1/2

[Event "N�-LL 2009/10"]
[Site "?"]
[Date "2009.12.13"]
[Round "6"]
[White "Neumeier, Klaus"]
[Black "Heimberger, Reinhard"]
[Result "1-0"]
[WhiteElo "2327"]
[BlackElo "2223"]
[Annotator "B�hlerwerk : Mauerbach"]
[PlyCount "57"]
[EventDate "2009.11.04"]
[SourceDate "2010.01.12"]

1. e4 c5 2. Nf3 e6 3. d4 cxd4 4. Nxd4 Nf6 5. Nc3 d6 6. Bc4 a6 7. Bb3 b5 8. O-O
Be7 9. Qf3 Qc7 10. Qg3 O-O 11. Bh6 Ne8 12. Rfe1 Nc6 13. Nd5 exd5 14. Nxc6 Qxc6
15. Bxd5 Qxc2 16. Bxa8 Qxb2 17. Bd5 Be6 18. Rab1 Qf6 19. Bd2 Nc7 20. Rbc1 Nxd5
21. exd5 Bxd5 22. Rc7 Bd8 23. Rd7 Qg6 24. Rxd6 Qxg3 25. hxg3 Bxa2 26. Rxa6 Be6
27. Bb4 Re8 28. Ra8 g6 29. Rd1 1-0

[Event "N�-LL 2009/10"]
[Site "?"]
[Date "2009.12.13"]
[Round "6"]
[White "Kranzl, Peter"]
[Black "Penz, Harald"]
[Result "1/2-1/2"]
[WhiteElo "2264"]
[BlackElo "2330"]
[Annotator "B�hlerwerk : Mauerbach"]
[PlyCount "84"]
[EventDate "2009.11.04"]
[SourceDate "2010.01.12"]

1. e4 e5 2. Nf3 Nf6 3. Nxe5 d6 4. Nf3 Nxe4 5. Qe2 Qe7 6. d3 Nf6 7. Bg5 Qxe2+ 8.
Bxe2 Be7 9. O-O Na6 10. Nbd2 Nc5 11. Rfe1 Ne6 12. Bh4 Bd7 13. Ng5 Nd4 14. Bd1
Nf5 15. Bg3 Nxg3 16. hxg3 h6 17. Ngf3 Kf8 18. c3 Re8 19. Nc4 g6 20. Bb3 Kg7 21.
Ne3 Bd8 22. Nd2 Ng4 23. Ndc4 b5 24. Nd2 Nxe3 25. fxe3 Bg5 26. Kf2 f5 27. a4 a6
28. axb5 axb5 29. Ra7 Bd8 30. Nf3 Re7 31. Nd4 c5 32. Ne6+ Bxe6 33. Rxe7+ Bxe7
34. Bxe6 Bg5 35. Bd5 b4 36. Ra1 Re8 37. Ra7+ Re7 38. Rxe7+ Bxe7 39. cxb4 cxb4
40. d4 h5 41. Ke2 h4 42. gxh4 Bxh4 1/2-1/2

[Event "N�-LL 2009/10"]
[Site "?"]
[Date "2009.12.13"]
[Round "6"]
[White "Descovich, Nicolai"]
[Black "Brandst�tter, Friedrich"]
[Result "1-0"]
[WhiteElo "2072"]
[BlackElo "2056"]
[Annotator "B�hlerwerk : Mauerbach"]
[PlyCount "103"]
[EventDate "2009.11.04"]
[SourceDate "2010.01.12"]

1. e4 c5 2. Nf3 Nc6 3. d4 cxd4 4. Nxd4 Nf6 5. Nc3 d6 6. Be3 e6 7. Qd2 Be7 8. f3
O-O 9. g4 a6 10. O-O-O Nxd4 11. Qxd4 b5 12. Kb1 Bb7 13. g5 Nd7 14. h4 Qa5 15.
h5 Rfc8 16. h6 Bf8 17. Bc1 Ne5 18. f4 Nc4 19. Bd3 Na3+ 20. bxa3 Qxc3 21. Qxc3
Rxc3 22. Bb2 Rc7 23. hxg7 Bxg7 24. Bxg7 Kxg7 25. Rh6 Rh8 26. Rd2 Rc5 27. Rdh2
Bc8 28. Kb2 d5 29. e5 d4 30. Bxh7 Bd7 31. Be4 Rxh6 32. gxh6+ Kh8 33. Rf2 Rc4
34. Bd3 Rc3 35. Rg2 Rc8 36. Rg7 Rf8 37. Kc1 Bc6 38. Kb2 Bd5 39. a4 bxa4 40.
Bxa6 f6 41. Bd3 f5 42. Ra7 Rb8+ 43. Ka3 Rc8 44. Rxa4 Kh7 45. Rxd4 Ra8+ 46. Ra4
Rc8 47. Kb4 Kxh6 48. c4 Bf3 49. Ra6 Bc6 50. c5 Kh5 51. Bb5 Bd5 52. Bd7 1-0

[Event "N�-LL 2009/10"]
[Site "?"]
[Date "2009.12.13"]
[Round "6"]
[White "Neumann, Christian"]
[Black "Weiss, Matth�us"]
[Result "1/2-1/2"]
[WhiteElo "1971"]
[BlackElo "2003"]
[Annotator "B�hlerwerk : Mauerbach"]
[PlyCount "32"]
[EventDate "2009.11.04"]
[SourceDate "2010.01.12"]

1. e4 c5 2. Nc3 Nc6 3. g3 g6 4. Bg2 Bg7 5. d3 d6 6. Nge2 e6 7. O-O Nge7 8. Be3
O-O 9. f4 Rb8 10. a4 a6 11. Qd2 Qc7 12. g4 f5 13. gxf5 gxf5 14. e5 b6 15. exd6
Qxd6 16. Ng3 Nd5 1/2-1/2

[Event "N�-LL 2009/10"]
[Site "?"]
[Date "2009.12.13"]
[Round "6"]
[White "Polak, Thomas"]
[Black "Danner, Georg"]
[Result "1-0"]
[WhiteElo "2502"]
[BlackElo "2415"]
[Annotator "Schwarzatal : Stockerau"]
[PlyCount "57"]
[EventDate "2009.11.04"]
[SourceDate "2010.01.13"]

1. d4 Nf6 2. c4 e6 3. Nf3 c5 4. d5 b5 5. dxe6 fxe6 6. cxb5 a6 7. bxa6 Nc6 8. g3
Be7 9. Bg2 d5 10. Nbd2 O-O 11. O-O Bxa6 12. Re1 Qe8 13. e4 d4 14. Ng5 Bc8 15.
e5 Nd5 16. Nc4 Bxg5 17. Bxg5 Qg6 18. f4 Qf7 19. Be4 Rb8 20. Qg4 Qd7 21. Rac1
Nce7 22. Bxe7 Nxe7 23. Nd6 Rxb2 24. Rxc5 d3 25. Bxd3 Bb7 26. Rec1 Bd5 27. R1c2
Qa7 28. Qe2 Rxa2 29. Qf2 {Rest nicht lesbar} 1-0

[Event "N�-LL 2009/10"]
[Site "?"]
[Date "2009.12.13"]
[Round "6"]
[White "Chytilek, Roman"]
[Black "Csonka, Attila"]
[Result "1-0"]
[WhiteElo "2418"]
[BlackElo "2292"]
[Annotator "Schwarzatal : Stockerau"]
[PlyCount "59"]
[EventDate "2009.11.04"]
[SourceDate "2010.01.13"]

1. e4 e6 2. d4 d5 3. Nd2 Nf6 4. e5 Nfd7 5. Bd3 c5 6. c3 b6 7. Ne2 Ba6 8. Bc2
Nc6 9. Nf3 Rc8 10. O-O Qc7 11. Re1 Be7 12. Be3 cxd4 13. Nexd4 Nxd4 14. Nxd4 O-O
15. Bf4 g6 16. Qg4 Nc5 17. Re3 Qd7 18. Rae1 Ne4 19. Rh3 b5 20. a3 Bb7 21. Rh6
f5 22. Rxg6+ hxg6 23. Qxg6+ Kh8 24. Qh6+ Kg8 25. Bxe4 Bc5 26. Re3 Rf7 27. Bxf5
Rc6 28. Rh3 Rg7 29. Bxe6+ Rxe6 30. Nxe6 1-0

[Event "N�-LL 2009/10"]
[Site "?"]
[Date "2009.12.13"]
[Round "6"]
[White "Schmid, Thomas"]
[Black "Weinwurm, Wolfgang"]
[Result "0-1"]
[WhiteElo "2196"]
[BlackElo "2125"]
[Annotator "Schwarzatal : Stockerau"]
[PlyCount "68"]
[EventDate "2009.11.04"]
[SourceDate "2010.01.13"]

1. e4 e5 2. Nf3 Nc6 3. Bb5 a6 4. Ba4 Nf6 5. O-O b5 6. Bb3 Bc5 7. a4 Bb7 8. d3
O-O 9. Nc3 Na5 10. Nxe5 Nxb3 11. cxb3 d5 12. d4 Bb6 13. exd5 b4 14. Ne2 Qxd5
15. Nf3 Rad8 16. Qc2 Rfe8 17. Bg5 Rd6 18. a5 Bxa5 19. Bf4 Rde6 20. Be5 Qb5 21.
Ng5 Rxe5 22. dxe5 Rxe5 23. Nd4 Rxg5 24. f4 Bb6 25. fxg5 Bxd4+ 26. Kh1 Qxg5 27.
Rae1 g6 28. Re2 c5 29. Qd3 Nh5 30. Ref2 Nf4 31. Qg3 Qxg3 32. hxg3 Bxg2+ 33.
Rxg2 Ne6 34. Rc2 Kf8 0-1

[Event "N�-LL 2009/10"]
[Site "?"]
[Date "2009.12.13"]
[Round "6"]
[White "Hansen, Kay"]
[Black "Fr�wis, Georg"]
[Result "1-0"]
[WhiteElo "2235"]
[BlackElo "2216"]
[Annotator "Bisamberg/Korneuburg : Niederabsdorf"]
[PlyCount "104"]
[EventDate "2009.11.04"]
[SourceDate "2010.01.13"]

1. d4 d5 2. c4 e6 3. Nf3 Nf6 4. Nc3 c6 5. e3 Nbd7 6. Bd3 dxc4 7. Bxc4 b5 8. Bd3
a6 9. O-O c5 10. b3 Bb7 11. Bb2 Qb6 12. Qe2 Be7 13. Rac1 O-O 14. Rfd1 Rac8 15.
Ne5 Rfd8 16. Nxd7 Rxd7 17. dxc5 Rxc5 18. Bb1 Rxd1+ 19. Qxd1 Qc6 20. Qf1 Bd6 21.
Rd1 Qc7 22. h3 Be5 23. Qd3 g6 24. Qd8+ Qxd8 25. Rxd8+ Kg7 26. Ba3 Rc8 27. Bf8+
Kg8 28. Rxc8 Bxc8 29. Bb4 Bb7 30. Bd3 Bc7 31. e4 Nd7 32. f3 a5 33. Be7 b4 34.
Na4 f6 35. Kf1 Kf7 36. Bc5 Nxc5 37. Nxc5 Bc8 38. Ba6 Bxa6+ 39. Nxa6 Bd6 40. Ke2
Ke7 41. Kd3 Kd7 42. f4 Kc6 43. Kc4 Bxf4 44. Nc5 e5 45. Ne6 Kd6 46. Nc5 Kc6 47.
Ne6 f5 48. exf5 gxf5 49. Ng7 Kd6 50. Nxf5+ Ke6 51. g4 Kf6 52. Kd5 h6 1-0

[Event "N�-LL 2009/10"]
[Site "?"]
[Date "2009.12.13"]
[Round "6"]
[White "Reinwald, Patrick"]
[Black "Schwarhofer, Christopher"]
[Result "1/2-1/2"]
[WhiteElo "2096"]
[BlackElo "2230"]
[Annotator "Bisamberg/Korneuburg : Niederabsdorf"]
[PlyCount "57"]
[EventDate "2009.11.04"]
[SourceDate "2010.01.13"]

1. e4 e5 2. Nf3 f5 3. Nxe5 Qf6 4. Nc4 fxe4 5. d3 d5 6. Ne3 exd3 7. Nxd5 Qe5+ 8.
Ne3 dxc2 9. Qxc2 Nc6 10. Bd3 Bd7 11. Bd2 Nb4 12. Bxb4 Bxb4+ 13. Nc3 Nf6 14. O-O
Bxc3 15. bxc3 O-O 16. Rad1 Bc6 17. Nf5 Kh8 18. Rfe1 Qd5 19. Bf1 Qc5 20. Nd4 Ne4
21. Rxe4 Bxe4 22. Qxe4 Qxc3 23. Bd3 g6 24. Qe5+ Kg8 25. Qe6+ Kg7 26. Qe5+ Kg8
27. Qe6+ Kg7 28. Qe5+ Kg8 29. Qe6+ 1/2-1/2

[Event "N�-LL 2009/10"]
[Site "?"]
[Date "2009.12.13"]
[Round "6"]
[White "Wetscherek, Gerhard"]
[Black "Wiedermann, Daniel"]
[Result "1-0"]
[WhiteElo "2136"]
[BlackElo "2116"]
[Annotator "Bisamberg/Korneuburg : Niederabsdorf"]
[PlyCount "53"]
[EventDate "2009.11.04"]
[SourceDate "2010.01.13"]

1. e4 c5 2. Nf3 Nc6 3. a3 g6 4. Bc4 Bg7 5. d3 d6 6. O-O Bg4 7. Bxf7+ Kd7 8. c3
Nh6 9. Bd5 Kc7 10. Bxc6 bxc6 11. Nbd2 Nf7 12. Qa4 g5 13. d4 cxd4 14. cxd4 Bd7
15. Nb3 g4 16. Bd2 Qb8 17. Ng5 Nd8 18. Ba5+ Kc8 19. Bxd8 Rxd8 20. Nxh7 Qb6 21.
Rfc1 Bh6 22. Rc3 Rh8 23. Qc4 Qd8 24. d5 c5 25. Qa6+ Kc7 26. Nxc5 Bc8 27. Qc6+
1-0

[Event "N�-LL 2009/10"]
[Site "?"]
[Date "2009.12.13"]
[Round "6"]
[White "Kleiser, Gregor"]
[Black "Trkulja, Zoran"]
[Result "1-0"]
[WhiteElo "2248"]
[BlackElo "2184"]
[Annotator "Bisamberg/Korneuburg : Niederabsdorf"]
[PlyCount "139"]
[EventDate "2009.11.04"]
[SourceDate "2010.01.13"]

1. d4 Nf6 2. Nf3 e6 3. g3 b5 4. a4 b4 5. Bg2 Bb7 6. O-O Be7 7. c4 O-O 8. Nbd2
c5 9. Nb3 cxd4 10. Nbxd4 Qc8 11. Bf4 d6 12. Bd2 e5 13. Nc2 a5 14. Bg5 Nbd7 15.
Ne3 Be4 16. Bh3 Qc7 17. Nd2 Bg6 18. Rc1 h6 19. Bh4 Rfe8 20. Bxf6 Nxf6 21. Nd5
Nxd5 22. cxd5 Qa7 23. Qb3 Bg5 24. e3 f5 25. Rc6 Rad8 26. Qc2 Qf7 27. Qb3 Kh7
28. Nf3 Bf6 29. Rfc1 f4 30. Be6 Qf8 31. Qc4 e4 32. Nd4 fxe3 33. fxe3 Bg5 34.
Qe2 Qf6 35. h4 Qe5 36. Kg2 Bf6 37. Rf1 Rf8 38. Rc7 Rde8 39. Rf2 Bd8 40. Rd7
Rxf2+ 41. Qxf2 Bf6 42. Bf7 Bxf7 43. Rxf7 Kg8 44. Rc7 Qxd5 45. Nf5 Qe5 46. b3
Rf8 47. Qf4 d5 48. Rd7 Qxf4 49. gxf4 Rd8 50. Ra7 d4 51. exd4 Bxd4 52. Rxa5 Bc3
53. Rd5 Re8 54. Ne3 Kf7 55. h5 Ke6 56. Kg3 Be1+ 57. Kg4 Rc8 58. Re5+ Kf7 59.
Nc4 Rd8 60. Rxe4 Bc3 61. a5 Rd1 62. a6 Ra1 63. Nd6+ Kf6 64. Ne8+ Kf7 65. Nc7
Ra3 66. f5 Ra1 67. Re6 Bd4 68. Nb5 Bc5 69. Kf4 Rf1+ 70. Ke4 1-0

[Event "N�-LL 2009/10"]
[Site "?"]
[Date "2009.12.13"]
[Round "6"]
[White "Herndlbauer, Martin"]
[Black "Sandh�fner, Florian"]
[Result "0-1"]
[WhiteElo "2101"]
[BlackElo "2213"]
[Annotator "Baden : Amstetten"]
[PlyCount "64"]
[EventDate "2009.11.04"]
[SourceDate "2010.01.16"]

1. e4 c5 2. Nf3 d6 3. d4 cxd4 4. Nxd4 Nf6 5. Nc3 a6 6. Be3 e6 7. f3 b5 8. Qd2
Bb7 9. g4 h6 10. O-O-O Nbd7 11. h4 b4 12. Nce2 d5 13. Rg1 dxe4 14. g5 exf3 15.
g6 fxe2 16. gxf7+ Kxf7 17. Qxe2 Bd5 18. Bh3 e5 19. Nc6 Qc7 20. Nd8+ Rxd8 21.
Rxd5 Nxd5 22. Qh5+ Ke7 23. Qf5 Qc6 24. Rg6 N5f6 25. Rg1 Kf7 26. Qg6+ Kg8 27.
Bg2 Qe6 28. Bf1 Qxa2 29. b3 Nb6 30. Bd3 Qa1+ 31. Kd2 Qc3+ 32. Ke2 Nbd5 0-1

[Event "N�-LL 2009/10"]
[Site "?"]
[Date "2009.12.13"]
[Round "6"]
[White "Rumpl, Erwin"]
[Black "Perndl, Johann"]
[Result "1-0"]
[WhiteElo "2304"]
[BlackElo "2036"]
[Annotator "Baden : Amstetten"]
[PlyCount "67"]
[EventDate "2009.11.04"]
[SourceDate "2010.01.16"]

1. d4 g6 2. Nf3 Bg7 3. g3 d6 4. Bg2 Nc6 5. d5 Ne5 6. Nd4 Bd7 7. f4 c5 8. fxe5
cxd4 9. exd6 Qb6 10. Qd3 Qxd6 11. Nd2 Rc8 12. O-O Bf5 13. e4 dxe3 14. Qxe3 Rxc2
15. Qxa7 Qb4 16. Rf4 Qc5+ 17. Qxc5 Rxc5 18. Rb4 Rc7 19. Nb3 Bh6 20. d6 exd6 21.
Rxb7 Rxb7 22. Bxb7 Kd7 23. Nd4 Be6 24. Bxh6 Nxh6 25. Bc6+ Kc7 26. Rc1 Kb6 27.
Nxe6 fxe6 28. Bd7 Nf5 29. Bxe6 Nd4 30. Rd1 Re8 31. Bf7 Ne2+ 32. Kf2 Rf8 33.
Kxe2 Rxf7 34. Rxd6+ 1-0

[Event "N�-LL 2009/10"]
[Site "?"]
[Date "2009.12.13"]
[Round "6"]
[White "Berbati, Kadri"]
[Black "Wadsack, Winfried"]
[Result "0-1"]
[WhiteElo "2014"]
[BlackElo "2113"]
[Annotator "Baden : Amstetten"]
[PlyCount "32"]
[EventDate "2009.11.04"]
[SourceDate "2010.01.16"]

1. e4 d5 2. exd5 Nf6 3. c4 c6 4. dxc6 Nxc6 5. Nf3 e5 6. d3 Bf5 7. Nc3 Bb4 8.
Be2 e4 9. dxe4 Qxd1+ 10. Bxd1 Nxe4 11. O-O Nxc3 12. a3 Nxd1 13. axb4 O-O-O 14.
b5 Nd4 15. Ng5 Ne2+ 16. Kh1 Nxf2+ 0-1

[Event "N�-LL 2009/10"]
[Site "?"]
[Date "2009.12.13"]
[Round "6"]
[White "Mahdy, Khaled"]
[Black "Vyskocil, Neklan"]
[Result "1/2-1/2"]
[WhiteElo "2376"]
[BlackElo "2357"]
[Annotator "Zwettl : Krems"]
[PlyCount "34"]
[EventDate "2009.11.04"]
[SourceDate "2010.01.16"]

1. e4 c5 2. Nf3 e6 3. d4 cxd4 4. Nxd4 Nf6 5. Bd3 Nc6 6. Nxc6 dxc6 7. Nd2 e5 8.
O-O Be6 9. Nf3 Qc7 10. Qe2 Bc5 11. Be3 Bxe3 12. Qxe3 O-O 13. Qc5 Nd7 14. Qc3 h6
15. Bc4 Bxc4 16. Qxc4 Rad8 17. Rfe1 Qb6 1/2-1/2

[Event "N�-LL 2009/10"]
[Site "?"]
[Date "2009.12.13"]
[Round "6"]
[White "Vykydal, Frantisek"]
[Black "Winiwarter, Felix"]
[Result "1/2-1/2"]
[WhiteElo "2213"]
[BlackElo "2195"]
[Annotator "Zwettl : Krems"]
[PlyCount "47"]
[EventDate "2009.11.04"]
[SourceDate "2010.01.16"]

1. e4 e6 2. d3 d5 3. Nd2 Nf6 4. Be2 Nc6 5. Ngf3 dxe4 6. dxe4 e5 7. O-O Bc5 8.
c3 a5 9. Bb5 O-O 10. Qe2 Qe7 11. Nc4 Na7 12. Ncxe5 Bd6 13. Nxf7 Nxb5 14. Qxb5
Qxf7 15. e5 Bd7 16. Qd3 Be7 17. exf6 Bxf6 18. Ng5 Bxg5 19. Bxg5 Be6 20. b3 a4
21. c4 axb3 22. axb3 Rxa1 23. Rxa1 Qxf2+ 24. Kh1 1/2-1/2

[Event "N�-LL 2009/10"]
[Site "?"]
[Date "2009.12.13"]
[Round "6"]
[White "W�ber, Friedrich"]
[Black "Janetschek, Karl"]
[Result "1/2-1/2"]
[WhiteElo "2158"]
[BlackElo "2250"]
[Annotator "Zwettl : Krems"]
[PlyCount "56"]
[EventDate "2009.11.04"]
[SourceDate "2010.01.16"]

1. e4 c5 2. Nf3 Nc6 3. d4 cxd4 4. Nxd4 Nf6 5. Nc3 d6 6. Bg5 e6 7. Qd2 a6 8.
O-O-O Qc7 9. Be2 Bd7 10. Bxf6 gxf6 11. Bh5 Qa5 12. Qe2 Qg5+ 13. Kb1 Qxg2 14.
Nf5 exf5 15. exf5+ Kd8 16. Qe3 Qg5 17. Qb6+ Ke8 18. Nd5 Be7 19. Rhe1 Kf8 20.
Nxe7 Qxh5 21. Qxb7 Nxe7 22. Qxd7 Re8 23. Qxd6 Rg8 24. Rd3 Rg2 25. Rde3 Qxh2 26.
Qxf6 Rg1 27. Qh8+ Rg8 28. Qf6 Rg1 1/2-1/2

[Event "N�-LL 2009/10"]
[Site "?"]
[Date "2009.12.13"]
[Round "6"]
[White "Zwettler, Martin"]
[Black "J�nger, Heinz"]
[Result "1/2-1/2"]
[WhiteElo "2130"]
[BlackElo "2094"]
[Annotator "Zwettl : Krems"]
[PlyCount "58"]
[EventDate "2009.11.04"]
[SourceDate "2010.01.16"]

1. c4 Nf6 2. g3 g6 3. Bg2 Bg7 4. Nc3 O-O 5. e4 d6 6. Nge2 c5 7. O-O Nc6 8. d3
Ne8 9. Be3 Nd4 10. Qd2 Nc7 11. Bh6 Rb8 12. Bxg7 Kxg7 13. Nxd4 cxd4 14. Ne2 e5
15. f4 f6 16. f5 g5 17. Bf3 Bd7 18. Kf2 Be8 19. h4 h6 20. Rh1 Bf7 21. Rh3 Rh8
22. Rah1 Qd7 23. hxg5 hxg5 24. Rxh8 Rxh8 25. Rxh8 Kxh8 26. Qa5 Na6 27. Nc1 Qc7
28. Qxc7 Nxc7 29. g4 a5 1/2-1/2

[Event "N�-LL 2009/10"]
[Site "?"]
[Date "2010.01.10"]
[Round "7"]
[White "Mahdy, Khaled"]
[Black "Schroll, Gerhard"]
[Result "1/2-1/2"]
[WhiteElo "2376"]
[BlackElo "2387"]
[Annotator "Wr. Neustadt : Krems"]
[PlyCount "26"]
[EventDate "2010.??.??"]

1. e4 e5 2. Nf3 Nc6 3. Bb5 Nf6 4. d3 Bc5 5. c3 Qe7 6. O-O O-O 7. Qe2 d6 8. Be3
Bb6 9. Nbd2 Bd7 10. a4 Bxe3 11. fxe3 a6 12. Bc4 Be6 13. Bxe6 fxe6 1/2-1/2

[Event "N�-LL 2009/10"]
[Site "?"]
[Date "2010.01.10"]
[Round "7"]
[White "Todor, Razvan"]
[Black "Winiwarter, Felix"]
[Result "1/2-1/2"]
[WhiteElo "2167"]
[BlackElo "2195"]
[Annotator "Wr. Neustadt : Krems"]
[PlyCount "55"]
[EventDate "2010.01.10"]
[SourceDate "2010.01.10"]

1. d4 Nf6 2. Bg5 c5 3. d5 d6 4. Nc3 g6 5. e4 Bg7 6. Bb5+ Nbd7 7. a4 O-O 8. f4
Qa5 9. Qd2 a6 10. Bxd7 Bxd7 11. Nf3 b5 12. e5 b4 13. Ne2 Ne4 14. Qe3 Nxg5 15.
Nxg5 dxe5 16. fxe5 f6 17. Ne4 fxe5 18. Qxc5 Qd8 19. d6 exd6 20. Nxd6 Qh4+ 21.
g3 Qe7 22. O-O-O b3 23. c3 Bf5 24. Qd5+ Be6 25. Qc6 Rad8 26. Kb1 Rd7 27. c4 e4
28. c5 1/2-1/2

[Event "N�-LL 2009/10"]
[Site "?"]
[Date "2010.01.10"]
[Round "7"]
[White "W�ber, Friedrich"]
[Black "Steiner, Adam"]
[Result "1/2-1/2"]
[WhiteElo "2158"]
[BlackElo "2154"]
[Annotator "Wr. Neustadt : Krems"]
[PlyCount "88"]
[EventDate "2010.??.??"]

1. e4 c5 2. Nf3 d6 3. d4 cxd4 4. Nxd4 Nf6 5. Nc3 g6 6. f4 Nc6 7. Nxc6 bxc6 8.
e5 Nd7 9. exd6 exd6 10. Be3 Be7 11. Qd2 O-O 12. O-O-O d5 13. a3 Qa5 14. Ne2
Qxd2+ 15. Rxd2 Re8 16. Bf2 Nf6 17. Nd4 Ne4 18. Nxc6 Bd6 19. Be3 Nxd2 20. Kxd2
Bf5 21. Nd4 Be4 22. Rg1 Rec8 23. Ba6 Rc7 24. g3 h6 25. Rc1 Be7 26. h4 Kg7 27.
b4 g5 28. fxg5 hxg5 29. Rf1 Rh8 30. Nf5+ Bxf5 31. Rxf5 gxh4 32. Bd4+ f6 33.
gxh4 Rxh4 34. Rxd5 Kf7 35. Be2 a5 36. bxa5 Bxa3 37. a6 Bb4+ 38. Kc1 Ke6 39. c4
Bd6 40. a7 Rh8 41. Ra5 Ra8 42. Bg4+ Ke7 43. Bf3 Rxc4+ 44. Kb2 Rcc8 1/2-1/2

[Event "N�-LL 2009/10"]
[Site "?"]
[Date "2010.01.10"]
[Round "7"]
[White "Lucaci, Marius"]
[Black "Polsterer, Heinz"]
[Result "0-1"]
[WhiteElo "2126"]
[BlackElo "2026"]
[Annotator "Wr. Neustadt : Krems"]
[PlyCount "59"]
[EventDate "2010.??.??"]
[SourceDate "2010.01.10"]

1. e4 e6 2. d4 d5 3. Nd2 Be7 4. Bd3 c5 5. exd5 exd5 6. dxc5 Bxc5 7. Nb3 Bb6 8.
Qe2+ Ne7 9. Bg5 f6 10. Bf4 Nbc6 11. O-O-O O-O 12. c3 Bc7 13. Bg3 Bd7 14. Nf3 a5
15. Nc5 Re8 16. Ne6 Bxe6 17. Qxe6+ Kh8 18. Rhe1 Rc8 19. Bb1 a4 20. Bxc7 Qxc7
21. Rxd5 a3 22. b3 Nb4 23. Rh5 Qxc3+ 24. Kd1 Rcd8+ 25. Ke2 Ng6 26. Kf1 Rxe6 27.
Rxe6 Kg8 28. Re1 Nc2 29. Bxc2 Qxc2 30. Rb5 0-1

[Event "N�-LL 2009/10"]
[Site "?"]
[Date "2010.01.10"]
[Round "7"]
[White "Vyskocil, Neklan"]
[Black "Rumpl, Erwin"]
[Result "1-0"]
[WhiteElo "2357"]
[BlackElo "2304"]
[Annotator "Amstetten:Zwettl"]
[PlyCount "81"]
[EventDate "2010.??.??"]
[TimeControl "180"]

1. d4 d5 2. Nf3 Nf6 3. Bg5 c6 4. Nbd2 Bf5 5. e3 Nbd7 6. Be2 h6 7. Bf4 e6 8. O-O
Be7 9. Ne5 O-O 10. c4 Nxe5 11. Bxe5 Ne4 12. Nxe4 Bxe4 13. c5 b6 14. Ba6 Qd7 15.
b4 bxc5 16. bxc5 f6 17. Bg3 e5 18. Qc1 Rfe8 19. Qc3 Bf8 20. Rac1 Qc7 21. Rfe1
Bf5 22. f3 Qe7 23. Re2 Bc8 24. Bd3 e4 25. fxe4 dxe4 26. Bc4+ Be6 27. Rb2 Rad8
28. Rcb1 Qf7 29. Rb7 Re7 30. Bxe6 Qxe6 31. Qb3 Kf7 32. Qa4 Rdd7 33. Rb8 Re8 34.
Rxe8 Kxe8 35. Qa6 Kf7 36. h3 g5 37. Rb8 Be7 38. Rc8 f5 39. Rxc6 Qd5 40. Rxh6
Bf8 41. Qg6+ 1-0

[Event "N�-LL 2009/10"]
[Site "?"]
[Date "2010.01.10"]
[Round "7"]
[White "Sandh�fner, Florian"]
[Black "Janetschek, Karl"]
[Result "1/2-1/2"]
[WhiteElo "2213"]
[BlackElo "2250"]
[Annotator "Amstetten:Zwettl"]
[PlyCount "69"]
[EventDate "2010.??.??"]
[TimeControl "180"]

1. e4 e5 2. Nf3 Nc6 3. d4 exd4 4. Nxd4 Bc5 5. Be3 Qf6 6. c3 Nge7 7. Bc4 O-O 8.
O-O Qg6 9. Nxc6 Qxc6 10. Bxc5 Qxc5 11. Qd3 d6 12. Nd2 Nc6 13. Nb3 Qb6 14. Qg3
a5 15. Rab1 a4 16. Nd2 Ne5 17. Kh1 Nxc4 18. Nxc4 Qc6 19. Nd2 Be6 20. b3 axb3
21. axb3 Ra2 22. Qe3 f5 23. exf5 Bxf5 24. Ra1 Qa6 25. Rxa2 Qxa2 26. c4 Qb2 27.
f3 h6 28. h3 Ra8 29. Rf2 Ra2 30. Kh2 Qc1 31. f4 Bd7 32. f5 Bxf5 33. Qe8+ Kh7
34. Ne4 Rxf2 35. Nf6+ 1/2-1/2

[Event "N�-LL 2009/10"]
[Site "?"]
[Date "2010.01.10"]
[Round "7"]
[White "Vykydal, Frantisek"]
[Black "Gugler, Edgar"]
[Result "1/2-1/2"]
[WhiteElo "2213"]
[BlackElo "2139"]
[Annotator "Amstetten:Zwettl"]
[PlyCount "22"]
[EventDate "2010.??.??"]
[TimeControl "180"]

1. e4 c6 2. d3 g6 3. g3 Bg7 4. Bg2 d5 5. Nd2 Nf6 6. Ne2 O-O 7. O-O e5 8. a4 a5
9. b3 Na6 10. Bb2 Re8 11. h3 Qc7 1/2-1/2